The Green Economy for a Sustainable Future: Experience from the Visegrad Group Countries
Identifikovanie významu zelenej ekonomiky pre udržateľnú budúcnosť a porovnanie situácie a vývoja v dosahovaní Európskej zelenej dohody v krajinách Vyšehradskej skupiny.
Salvato in:
| Autore principale: | |
|---|---|
| Natura: | Capitolo di libro |
| Lingua: | inglese |
| Soggetti: | |
| Tags: |
Nessun Tag, puoi essere il primo ad aggiungerne!!
|
MARC
| LEADER | 00000naa a2200000 4500 | ||
|---|---|---|---|
| 001 | 0312575 | ||
| 005 | 20251212091601.1 | ||
| 041 | 0 | |a eng | |
| 044 | |a PL | ||
| 245 | 1 | 0 | |a The Green Economy for a Sustainable Future: Experience from the Visegrad Group Countries |c Roman Klimko |
| 520 | |a Identifikovanie významu zelenej ekonomiky pre udržateľnú budúcnosť a porovnanie situácie a vývoja v dosahovaní Európskej zelenej dohody v krajinách Vyšehradskej skupiny. | ||
| 610 | 2 | 0 | |a Európska zelená dohoda |
| 610 | 2 | 0 | |a indexy |
| 610 | 2 | 0 | |a ekonomika zelená |
| 610 | 2 | 0 | |a Vyšehradská štvorka |
| 100 | 1 | |a Klimko, Roman, 1985- | |